| 000 | 00901nam a2200229 a 4500 | ||
|---|---|---|---|
| 001 | 22806 | ||
| 003 | CO-ViMGA | ||
| 008 | 141112s2004 ck r 000 u spa d | ||
| 020 | _a9589603362 | ||
| 040 |
_aCO-ViMGA _bspa _cCO-ViMGA |
||
| 082 | 0 | 4 | _a342.066 P373e |
| 100 | 1 |
_aPérez Sinitabè, Luis H. _932611 |
|
| 245 | 1 | 0 | _aElementos de la responsabilidad extracontractual del estado |
| 260 |
_aColombia : _bLeyer |
||
| 300 | _a128p. | ||
| 505 | _aSu origen y fundamentos, Evolucion de la responsabilidad estatal, Responsabilidad extracontractual del estado en colombia, Regimenes de la responsabilidad estatal, Responsabilidad por otras funciones del estado. | ||
| 650 | 1 | 4 | _aDERECHO ADMINISTRATIVO |
| 650 | 1 | 4 |
_aRESPONSABILIDAD ADMINISTRATIVA - LEGISLACION _932612 |
| 650 | 1 | 4 |
_aRESPONSABILIDAD DEL ESTADO - LEGISLACION _932613 |
| 650 | 1 | 4 | _aRESPONSABILIDAD EXTRACONTRACTUAL |
| 942 |
_2ddc _cBK |
||
| 999 |
_c31103 _d31103 |
||